INTRODUCTION TO NURSING RESEARCH (Record no. 20143)

MARC details
000 -LEADER
fixed length control field 00326nam a22001457a 4500
003 - CONTROL NUMBER IDENTIFIER
control field SGT
082 ## - DEWEY DECIMAL CLASSIFICATION NUMBER
Classification number 610.72
Item number I10M
100 ## - MAIN ENTRY--PERSONAL NAME
Personal name MAKHIJA, NEELAM
245 ## - TITLE STATEMENT
Title INTRODUCTION TO NURSING RESEARCH
250 ## - EDITION STATEMENT
Edition statement 1ST
260 ## - PUBLICATION, DISTRIBUTION, ETC. (IMPRINT)
Place of publication, distribution, etc INDIA
Name of publisher, distributor, etc A.P. JAIN PUB
Year of Publication 2015
300 ## - PAGE DESCRIPTION
No. of Pages 190
650 ## - SUBJECT ADDED ENTRY--TOPICAL TERM
Topical term or geographic name as entry element NURSING RESEARCH
942 ## - ADDED ENTRY ELEMENTS (KOHA)
Source of classification or shelving scheme Dewey Decimal Classification
Koha item type Books
Holdings
Withdrawn status Lost status Source of classification or shelving scheme Damaged status Not for loan Collection code Home library Current library Shelving location Date acquired Vendor Name SGTU Total Checkouts Full call number Accession No. (Barcode) Date last seen Bill Date Koha item type
    Dewey Decimal Classification   Not For Loan NURSING SGT Medical Library SGT Medical Library Text Book 04/06/2020 COMP SGTU   610.72 I10M FN4081 04/06/2020 04/06/2020 Books